zpět

Detail výsledku týmu

Bledý Úsvit, Český Těšín

Datum a čas kvízu

22 Celkem bodů Celkový počet nahraných bodů na tomto kvízu bez doplňovacích otázek.
8. Pořadí na kvízu Konečné umístění týmu na tomto kvízu.

Zaznamenané odpovědi

# Otázka Odpověď Body Výsledky
1. Premiér Fiala se při své návšt... Horáková 0
2. Ve které evropské zemi vyhrála... v Chorvatsku 0
3. Ve čtvrtek vystoupil v brněnsk... Slash 1
4. Abstraktní obraz Conception/Da... František Kupka 1
5. 21letý litevský reprezentant M... C) hod diskem 1
6. Bolívie má, stejně jako několi... Sucre; La Paz 0.5
7. Chemický prvek hafnium dostal... o Kodaň 1
8. Zatímco některé země mají hlav... o Nauru 0
9. Které malebné hlavní město lež... Tallinn 0
10. Napište, které hlavní město (s... Reykjavík; Wellington 0